00870nam a2200253 a 450000100060000000300090000600800410001501500210005602000150007704000280009209000090012010000330012924500710016226000390023330000270027259800150029965000410031465000420035565500420039791700180043994200120045799900170046995201300048624536CO-ViMGA141112s2004 ck r 000 u spa d ack - 2005 - xxxx a9589760228 aCO-ViMGAbspacCO-ViMGA aDAC21 aDa Coll, Ivar, 1962 - 9244610aChiguiro y el baño / chistoria e ilustraciones de Ivar Da Coll. aBogotá : bBabel Libros, c2005. a[30] p. : il. ; 18 cm. aHISTORICAL14aCuentos infantiles colombianos9236914aLibros ilustrados para niños 92001 aCuentos infantiles colombianos936491 a1641 20050418 2ddccBK c32363d32363 00102ddc40708INFaMEMACAREbMEMACAREcSInfd2025-07-03l0o03/07/2025pLM02444r2025-07-03 15:08:22tEj.1w2025-07-03yBK